|
|
|
|
| LEADER |
02552nam a2200505 4500 |
| 001 |
978-3-540-70702-8 |
| 003 |
DE-He213 |
| 005 |
20191028082225.0 |
| 007 |
cr nn 008mamaa |
| 008 |
121227s1997 gw | s |||| 0|eng d |
| 020 |
|
|
|a 9783540707028
|9 978-3-540-70702-8
|
| 024 |
7 |
|
|a 10.1007/BFb0102070
|2 doi
|
| 040 |
|
|
|d GrThAP
|
| 050 |
|
4 |
|a TP248.13-248.65
|
| 072 |
|
7 |
|a TCB
|2 bicssc
|
| 072 |
|
7 |
|a SCI010000
|2 bisacsh
|
| 072 |
|
7 |
|a TCB
|2 thema
|
| 082 |
0 |
4 |
|a 660.6
|2 23
|
| 245 |
1 |
0 |
|a Biotechnology in the Pulp and Paper Industry
|h [electronic resource] /
|c edited by Karl-Erik L. Eriksson.
|
| 250 |
|
|
|a 1st ed. 1997.
|
| 264 |
|
1 |
|a Berlin, Heidelberg :
|b Springer Berlin Heidelberg :
|b Imprint: Springer,
|c 1997.
|
| 300 |
|
|
|a X, 339 p.
|b online resource.
|
| 336 |
|
|
|a text
|b txt
|2 rdacontent
|
| 337 |
|
|
|a computer
|b c
|2 rdamedia
|
| 338 |
|
|
|a online resource
|b cr
|2 rdacarrier
|
| 347 |
|
|
|a text file
|b PDF
|2 rda
|
| 490 |
1 |
|
|a Advances in Biochemical Engineering/Biotechnology,
|x 0724-6145 ;
|v 57
|
| 505 |
0 |
|
|a Forest tree biotechnology -- Microorganisms and enzymes involved in the degradation of plant fiber cell walls -- Lignin -- Fungal delignification and biomechanical pulping of wood -- Solving pitch problems in pulp and paper processes by the use of enzymes or fungi -- Reduction of organochlorine compounds in bleach plant effluents -- Hemicellulases in the bleaching of chemical pulps -- Using enzymes in pulp bleaching: Mill applications -- Biotechnology for solving slime problems in the pulp and paper industry.
|
| 650 |
|
0 |
|a Biotechnology.
|
| 650 |
|
0 |
|a Forest products.
|
| 650 |
|
0 |
|a Chemical engineering.
|
| 650 |
1 |
4 |
|a Biotechnology.
|0 http://scigraph.springernature.com/things/product-market-codes/C12002
|
| 650 |
2 |
4 |
|a Wood Science & Technology.
|0 http://scigraph.springernature.com/things/product-market-codes/L22032
|
| 650 |
2 |
4 |
|a Industrial Chemistry/Chemical Engineering.
|0 http://scigraph.springernature.com/things/product-market-codes/C27000
|
| 700 |
1 |
|
|a Eriksson, Karl-Erik L.
|e editor.
|4 edt
|4 http://id.loc.gov/vocabulary/relators/edt
|
| 710 |
2 |
|
|a SpringerLink (Online service)
|
| 773 |
0 |
|
|t Springer eBooks
|
| 776 |
0 |
8 |
|i Printed edition:
|z 9783642082788
|
| 776 |
0 |
8 |
|i Printed edition:
|z 9783540618683
|
| 776 |
0 |
8 |
|i Printed edition:
|z 9783662148235
|
| 830 |
|
0 |
|a Advances in Biochemical Engineering/Biotechnology,
|x 0724-6145 ;
|v 57
|
| 856 |
4 |
0 |
|u https://doi.org/10.1007/BFb0102070
|z Full Text via HEAL-Link
|
| 912 |
|
|
|a ZDB-2-CMS
|
| 912 |
|
|
|a ZDB-2-BAE
|
| 950 |
|
|
|a Chemistry and Materials Science (Springer-11644)
|